000
00294nam a22001337a 4500
008
180928b xxu||||| |||| 00| 0 eng d
020
_a
9781609136499
041
_a
eng
080
_a
610.73
100
_a
NUR
101
_a
NUR
245
_a
Critical Care Nursing
_c
Joan.M
942
_2
udc
_c
BK
999
_c
48665
_d
48665